• 首页
  • 本馆介绍
  • 公告通知
  • 最新文献
  • 馆藏检索
  • 电子资源
  • 读者导购
  • 参考咨询
  • 我的图书馆
  • 登录
  • 详细信息显示
  • 放入我的书架
  • 预约/预借图书
  • 作者相关作品
  • 分类相关作品
  • 丛书相关作品
  • 出版社相关作品

书目信息

  • 表格格式
  • 工作单格式
  • 卡片格式
题名:
毛泽东在1949年
    
 
作者: 杨冬权 著
分册:  
出版信息: 北京   中国文史出版社  2019
页数: 180页
开本: 24cm
丛书名:
单 册:
中图分类: A751
科图分类:
主题词:
电子资源:
ISBN: 978-7-5205-0225-2
000 00947nam0 2200229 450
001 2159237172
005 20210926145302.0
010    @a978-7-5205-0225-2@dCNY45.00
100    @a20190226d2019 em y0chiy50 ea
101 0  @achi
102    @aCN@b110000
105    @aa z 000yb
106    @ar
200 1  @a毛泽东在1949年@Amao ze dong zai 1949nian@f杨冬权著
210    @a北京@c中国文史出版社@d2019
215    @a180页@c照片@d24cm
330    @a《毛泽东在1949年》一书挑选1949年新中国几个关键的历史时刻,以公开的历史档案还原伟人毛泽东在这些关键时刻如何做出抉择,他如何面对各种困难,又如何为一个国家的未来运筹帷幄,着重历史性,突出这些史实的积极意义。其中包括国共和谈的进行、指挥平津战役、党的工作重心转移思想的提出、指挥大进军、筹建新中国、主持开国盛会等内容。
600  0 @a毛泽东@Amao ze dong@f1893-1976@x生平事迹
690    @aA751@v5
701  0 @a杨冬权@Ayang dong quan@4著
801  0 @aCN@b百万庄@c20210925
905    @b1298812-15@dA751@e271@f4
    
    毛泽东在1949年/杨冬权著.-北京:中国文史出版社,2019
    180页:照片;24cm
    
    
    ISBN 978-7-5205-0225-2:CNY45.00
    《毛泽东在1949年》一书挑选1949年新中国几个关键的历史时刻,以公开的历史档案还原伟人毛泽东在这些关键时刻如何做出抉择,他如何面对各种困难,又如何为一个国家的未来运筹帷幄,着重历史性,突出这些史实的积极意义。其中包括国共和谈的进行、指挥平津战役、党的工作重心转移思想的提出、指挥大进军、筹建新中国、主持开国盛会等内容。
●
相关链接 在E读中查询图书 在五车中查询图书 在当当中查询图书 在豆瓣中查询图书


正题名:毛泽东在1949年     索取号:A751/271         预约/预借

序号 登录号 条形码 馆藏地/架位号 状态 备注
1 1298812   212988123   第一样本阅览室/ [索取号:A751/271] 在馆    
2 1298813   212988132   第一借阅区/ [索取号:A751/271] 在馆    
3 1298814   212988141   第一借阅区/ [索取号:A751/271] 在馆    
4 1298815   212988150   第一借阅区/ [索取号:A751/271] 在馆    
唐山师范学院图书馆 欢迎您!
大连网信软件有限公司© 版权所有